<?xml version="1.0" encoding="UTF-8"?>
<collection xmlns="http://www.loc.gov/MARC21/slim">
 <record>
  <leader>00397pamaa2200145   4500</leader>
  <controlfield tag="001">0000018916</controlfield>
  <controlfield tag="005">20060815090000.0</controlfield>
  <datafield tag="020" ind1="0" ind2="0">
   <subfield code="a">1566091721 </subfield>
  </datafield>
  <datafield tag="082" ind1=" " ind2=" ">
   <subfield code="a">778 OFF</subfield>
  </datafield>
  <datafield tag="090" ind1="0" ind2="0">
   <subfield code="a">TR502 </subfield>
   <subfield code="b">OFF 1995</subfield>
  </datafield>
  <datafield tag="245" ind1="0" ind2="4">
   <subfield code="a">The official photo CD handbook  </subfield>
   <subfield code="c">Michael Gosney ... [et al.].</subfield>
  </datafield>
  <datafield tag="260" ind1="0" ind2="0">
   <subfield code="a">California: </subfield>
   <subfield code="b">Peachpit Press, </subfield>
   <subfield code="c">1995.</subfield>
  </datafield>
  <datafield tag="300" ind1=" " ind2=" ">
   <subfield code="a">xviii, 346p.: </subfield>
   <subfield code="b">23cm.</subfield>
  </datafield>
  <datafield tag="500" ind1="0" ind2="0">
   <subfield code="a">Includes 2 CD-ROM</subfield>
  </datafield>
  <datafield tag="650" ind1="0" ind2="0">
   <subfield code="a">Photography </subfield>
  </datafield>
 </record>
</collection>
